DC Superheroes Quiz - Statistics

General Stats
  • This quiz has been taken 131 times
  • The average score is 15 of 20
Answer Stats
Description Alter-Ego Answer % Correct
Protector of Gotham City in the name of murdered parents Bruce Wayne Batman
98%
Faster than a speeding bullet and more powerful than a locomotive Clark Kent Superman
98%
Also known as "The Fastest Man Alive" Wally West The Flash
97%
Raised on the hidden island of Themyscira; carries a magic lasso Diana Prince Wonder Woman
97%
Ability to breathe on land and in the water; king of Atlantis Arthur Curry Aquaman
96%
Wears a ring fueled by green energy Hal Jordan Green Lantern
96%
Sidekick of the above, also known as Boy Wonder Dick Grayson Robin
96%
Part man and part machine Victor Stone Cyborg
91%
Fights crime using nothing but archery skills Oliver Queen Green Arrow
90%
Boy who can transform into a adult with superpowers by saying his name Billy Batson Shazam
82%
Native to Mars; has an inherent fear of fire J'onn J'onzz Martian Manhunter
75%
Has the power to turn her voice into a supersonic blast; martial artist Dinah Lance Black Canary
67%
Has the ability to control his own mass and size Ray Palmer The Atom
63%
Wears alien armor, has bonded with a an alien entity called a Scarab Jaime Reynes Blue Beetle
60%
Gets power from the sun, former queen of Tamaran Koriand'r Starfire
57%
By reciting spells backwards, she can invoke anything her imagination wills N/A Zatanna
55%
Creature made of vegetation; ability to control all plant life on earth Alec Holland Swamp Thing
50%
Wielder of the dark arts, big chain smoker N/A John Constantine
49%
Got powers from future and alien technology stolen from a museum Mike Carter Booster Gold
38%
Most popular cowboy hero in DC; scarred face N/A Jonah Hex
28%
No matching quizzes found
Score Distribution
Percent of People with Each Score
Percentile by Number Answered
Your Score History
You have not taken this quiz